| 000 | 004900000a22001810004500 | ||
|---|---|---|---|
| 003 | MACL | ||
| 005 | 20150822143945.0 | ||
| 008 | 150822b xxu||||| |||| 00| 0 eng d | ||
| 040 |
_aMACL _cMACL |
||
| 041 | _aEnglish | ||
| 082 | _a634/PAT | ||
| 100 |
_aPathak , Akhileshwar _96846 |
||
| 245 |
_aContested Domains _bThe State Peasants And Forests In Contemporary India |
||
| 260 |
_bSage Publication _c1994 _aNew Delhi |
||
| 350 | _a110 | ||
| 650 |
_aTechnology _96847 |
||
| 942 |
_cBK _k634 _2ddc |
||
| 999 |
_c3080 _d3080 |
||